A MANUFAKTORTA CUKRÁSZDA MARKETING TERVE

Bibliographic Details
Main Author: Ádám Mónika
Other Authors: Katona Dr. Mária
Format: Thesis
Kulcsszavak:Marketing
Marketing Mix
Online marketing
Manufaktorta cukrászda
Marketingkommunikáció
Online Access:http://dolgozattar.uni-bge.hu/1799

MARC

LEADER 00000nta a2200000 i 4500
001 dolg1799
005 20151015105027.0
008 150331suuuu hu om 000 hun d
040 |a BGE Dolgozattár Repozitórium  |b hun 
041 |a hu 
100 1 |a Ádám Mónika 
245 1 2 |a A MANUFAKTORTA CUKRÁSZDA MARKETING TERVE  |c Ádám Mónika  |h [elektronikus dokumentum] 
520 3 |a Tervezett cukrászdához kapcsolódó marketing terv elméleti kitekintéssel. 
695 |a Marketing 
695 |a Marketing Mix 
695 |a Online marketing 
695 |a Manufaktorta cukrászda 
695 |a Marketingkommunikáció 
700 1 |a Katona Dr. Mária   |e ths 
856 4 0 |u http://dolgozattar.uni-bge.hu/1799/7/Szakdolg_vegleges.pdf  |z Dokumentum-elérés